Business Communication (Record no. 1580)

MARC details
005 - DATE AND TIME OF LATEST TRANSACTION
control field 20250419072111.0
020 ## - INTERNATIONAL STANDARD BOOK NUMBER
International Standard Book Number 0-02-303510-2
082 ## - DEWEY DECIMAL CLASSIFICATION NUMBER
Classification number 808.066 AND
100 ## - MAIN ENTRY--PERSONAL NAME
Author name ANDREWS, D. C.
245 ## - TITLE STATEMENT
Title Business Communication
260 ## - PUBLICATION, DISTRIBUTION, ETC.
Place of publication, distribution, etc. New York,
Name of publisher, distributor, etc. Macmillan,
Date of publication, distribution, etc. 1988.
300 ## - PHYSICAL DESCRIPTION
Extent xxvi, 623p., ill., figure, table, picture,
Other physical details Index,
Dimensions 24cm.
700 ## - ADDED ENTRY--PERSONAL NAME
Other authors/Editors ANDREWS, W. D.
942 ## - ADDED ENTRY ELEMENTS (KOHA)
Source of classification or shelving scheme Dewey Decimal Classification
Koha item type Books
Holdings
Date last seen Total checkouts Full call number Barcode Cost, replacement price Price effective from Koha item type Lost status Source of classification or shelving scheme Damaged status Not for loan Withdrawn status Home library Current library Shelving location Date acquired Cost, normal purchase price
04/19/2025   808.066 AND 0000006080 60000.00 04/19/2025 Books   Dewey Decimal Classification       College of Business Education Main Library College of Business Education Main Library General Collection 04/19/2025 20000.00
04/19/2025   808.066 AND 0000006081 60000.00 04/19/2025 Books   Dewey Decimal Classification       College of Business Education Main Library College of Business Education Main Library General Collection 04/19/2025 20000.00